000 00375nam a2200133Ia 4500
008 151001s9999||||xx |||||||||||||| ||und||
100 _aइडगार बरोज राईस
245 _aटारझन भाग-९ वा
250 _a2
260 _bभारतीय प्रकाशन संस्था
260 _c1969
300 _a108
365 _b18
999 _c957583
_d957580